[Event "34. Copenhagen Open (Politiken Cup)"]
[Site "Elsinore"]
[Date "2012.08.03"]
[Round "8"]
[White "Haugsdal, Arn Tore"]
[Black "Thogersen, Rasmus"]
[Result "1-0"]
[WhiteElo "2068"]
[BlackElo "1885"]
[PlyCount "85"]
[EventDate "2012.07.28"]
[EventType "swiss"]
[EventRounds "10"]
[EventCountry "DEN"]
[Source "ChessBase"]
[SourceDate "2012.08.24"]

1. e4 c5 2. d4 Nf6 3. e5 Nd5 4. c4 Nc7 5. d5 d6 6. f4 e6 7. Nc3 dxe5 8. fxe5
exd5 9. cxd5 Qh4+ 10. g3 Qd4 11. Nf3 Qxd1+ 12. Kxd1 Bg4 13. Be2 Nd7 14. Bf4
O-O-O 15. Kc2 h6 16. h3 Bxf3 17. Bxf3 g5 18. e6 fxe6 19. Bxc7 Kxc7 20. Rad1 Ne5
21. Be2 exd5 22. Nxd5+ Kb8 23. Nf6 Bg7 24. Nh5 Rxd1 25. Rxd1 Bf8 26. Rd8+ Kc7
27. Re8 Nc6 28. Bg4 Nd4+ 29. Kd3 Nb5 30. Rc8+ Kb6 31. Be6 Nd6 32. Rd8 Kc7 33.
Rd7+ Kc6 34. Nf6 h5 35. Bd5+ Kb6 36. Nh7 Nf5 37. Rxb7+ Ka6 38. Nxg5 c4+ 39. Ke2
Bh6 40. Ne4 Ne3 41. Nc5+ Ka5 42. Bxc4 Nxc4 43. b4# 1-0

[Event "34. Copenhagen Open (Politiken Cup)"]
[Site "Elsinore"]
[Date "2012.08.03"]
[Round "8"]
[White "Henrichsen, Jens"]
[Black "Lie, Terje"]
[Result "1-0"]
[WhiteElo "1887"]
[BlackElo "1626"]
[PlyCount "107"]
[EventDate "2012.07.28"]
[EventType "swiss"]
[EventRounds "10"]
[EventCountry "DEN"]
[Source "ChessBase"]
[SourceDate "2012.08.24"]

1. d4 Nf6 2. c4 e6 3. Nf3 d5 4. Nc3 Nc6 5. Bg5 Be7 6. e3 O-O 7. a3 a5 8. Qc2 h6
9. Bh4 Re8 10. Rd1 Nh5 11. Bxe7 Rxe7 12. Ne5 Nf6 13. Be2 dxc4 14. Nxc6 bxc6 15.
Bxc4 Nd5 16. O-O Ba6 17. Bxa6 Rxa6 18. Na4 Qc8 19. e4 Nf6 20. f3 Re8 21. Qc3
Nd7 22. Rd2 Qb7 23. Rfd1 Qb5 24. Nc5 Nxc5 25. Qxc5 Rb6 26. Rc1 Qa6 27. h4 Reb8
28. Rcc2 g6 29. Kh2 R8b7 30. Qe7 Qa7 31. h5 gxh5 32. Qf6 Qb8 33. Qxh6 Rxb2 34.
Rc5 R2b5 35. Qg5+ Kf8 36. Qxh5 Qd8 37. Qh6+ Ke8 38. Qh8+ Kd7 39. Qxd8+ Kxd8 40.
Rdc2 R7b6 41. Kg3 Kd7 42. Kf4 f6 43. g4 Rxc5 44. Rxc5 Rb5 45. e5 a4 46. exf6
Kd6 47. g5 e5+ 48. Rxe5 Rxe5 49. dxe5+ Ke6 50. g6 c5 51. Ke4 c6 52. f4 c4 53.
f5+ Kd7 54. g7 1-0

[Event "34. Copenhagen Open (Politiken Cup)"]
[Site "Elsinore"]
[Date "2012.08.03"]
[Round "8"]
[White "Hinrichs, Jan"]
[Black "Inhoven, Stefan"]
[Result "0-1"]
[WhiteElo "2008"]
[BlackElo "2140"]
[PlyCount "66"]
[EventDate "2012.07.28"]
[EventType "swiss"]
[EventRounds "10"]
[EventCountry "DEN"]
[Source "ChessBase"]
[SourceDate "2012.08.24"]

1. e4 e6 2. d4 d5 3. Nc3 Nc6 4. e5 Nge7 5. Nge2 Nf5 6. g4 Nh4 7. f4 h5 8. g5 g6
9. Bh3 b6 10. O-O Ba6 11. Rf2 Ne7 12. b4 Bc4 13. Ng3 Qc8 14. Be3 a5 15. b5 a4
16. Rb1 Qd7 17. Qd2 Nc8 18. Bf1 Bxf1 19. Rfxf1 Ne7 20. Rb4 Nef5 21. Rxa4 Rxa4
22. Nxa4 Qxb5 23. Nc3 Qc4 24. a3 Bxa3 25. Nxf5 Nxf5 26. Ra1 Bb2 27. Ra8+ Kd7
28. Rxh8 Bxc3 29. Qd3 Nxe3 30. Rf8 Ke7 31. Rc8 Bxd4 32. Qa3+ Kd7 33. Qf8 Qf1#
0-1

[Event "34. Copenhagen Open (Politiken Cup)"]
[Site "Elsinore"]
[Date "2012.08.03"]
[Round "8"]
[White "Hobber, Anders"]
[Black "Nilsson, Patrik1"]
[Result "1-0"]
[WhiteElo "2244"]
[BlackElo "2078"]
[PlyCount "36"]
[EventDate "2012.07.28"]
[EventType "swiss"]
[EventRounds "10"]
[EventCountry "DEN"]
[Source "ChessBase"]
[SourceDate "2012.08.24"]

1. d4 f5 2. Bg5 Nf6 3. Bxf6 exf6 4. e3 d5 5. c4 c6 6. cxd5 cxd5 7. Nc3 Nc6 8.
g3 Be6 9. Bg2 Bb4 10. Nge2 Qb6 11. Nf4 Bxc3+ 12. bxc3 Ne7 13. Rb1 Qc6 14. Nxe6
Qxe6 15. Rxb7 O-O 16. Rxe7 Qxe7 17. Bxd5+ Kh8 18. Bxa8 Rxa8 1-0

[Event "34. Copenhagen Open (Politiken Cup)"]
[Site "Elsinore"]
[Date "2012.08.03"]
[Round "8"]
[White "Hoel, Jorgen"]
[Black "Jensen, Morten Frank"]
[Result "1/2-1/2"]
[WhiteElo "1848"]
[BlackElo "2037"]
[PlyCount "106"]
[EventDate "2012.07.28"]
[EventType "swiss"]
[EventRounds "10"]
[EventCountry "DEN"]
[Source "ChessBase"]
[SourceDate "2012.08.24"]

1. c4 g6 2. g3 Bg7 3. Bg2 c5 4. Nc3 Nc6 5. a3 b6 6. e3 Bb7 7. Nge2 Nf6 8. O-O
O-O 9. Rb1 d6 10. b4 Qd7 11. d4 cxd4 12. exd4 Rac8 13. Nf4 Rfd8 14. Bh3 Qe8 15.
Bxc8 Bxc8 16. Bb2 Bf5 17. Rc1 e5 18. dxe5 dxe5 19. Nfd5 Nd4 20. Nxf6+ Bxf6 21.
Nd5 Bg7 22. Bxd4 exd4 23. Re1 Qd7 24. Ne7+ Kf8 25. Nxf5 Qxf5 26. Qd2 h5 27. h4
d3 28. Rcd1 Bd4 29. Qf4 Qxf4 30. gxf4 Bb2 31. Re3 Bxa3 32. Rexd3 Rxd3 33. Rxd3
Bxb4 34. Rd7 a5 35. Ra7 Kg7 36. Kf1 Kf6 37. Ke2 Ke6 38. Kf3 Bc5 39. Kg3 f6 40.
Kf3 Kf5 41. Ra8 Bd6 42. Ra6 Bc5 43. Ra8 Ke6 44. Ra7 Bd4 45. Rg7 Bb2 46. Rb7 Bd4
47. Rg7 Kf5 48. Ra7 g5 49. fxg5 fxg5 50. hxg5 Kxg5 51. Kg2 h4 52. Kf3 Bc5 53.
Rg7+ Kh5 1/2-1/2

[Event "34. Copenhagen Open (Politiken Cup)"]
[Site "Elsinore"]
[Date "2012.08.03"]
[Round "8"]
[White "Hojgaard, Brandur"]
[Black "Mortensen, Henrik"]
[Result "0-1"]
[WhiteElo "1686"]
[BlackElo "2018"]
[PlyCount "58"]
[EventDate "2012.07.28"]
[EventType "swiss"]
[EventRounds "10"]
[EventCountry "DEN"]
[Source "ChessBase"]
[SourceDate "2012.08.24"]

1. d4 Nc6 2. c4 e5 3. d5 Nce7 4. e4 d6 5. Bd3 g6 6. Nc3 Bg7 7. Be3 f5 8. f3 Nf6
9. Qd2 f4 10. Bf2 a6 11. Nge2 O-O 12. Rc1 g5 13. c5 g4 14. cxd6 cxd6 15. Na4
gxf3 16. gxf3 Bh3 17. Nb6 Rb8 18. Nc3 Bg2 19. Rg1 Bxf3 20. Qc2 Ng4 21. h3 Ne3
22. Bxe3 fxe3 23. Nc4 Ng6 24. Nxe3 Qh4+ 25. Kd2 Qf2+ 26. Be2 Bh6 27. Qd3 Bxe2
28. Qxe2 Bxe3+ 29. Kc2 Bxc1 0-1

[Event "34. Copenhagen Open (Politiken Cup)"]
[Site "Elsinore"]
[Date "2012.08.03"]
[Round "8"]
[White "Hoyer, Jacob K"]
[Black "Rostgaard, Tobias Valentin"]
[Result "1-0"]
[WhiteElo "2141"]
[BlackElo "2246"]
[PlyCount "95"]
[EventDate "2012.07.28"]
[EventType "swiss"]
[EventRounds "10"]
[EventCountry "DEN"]
[Source "ChessBase"]
[SourceDate "2012.08.24"]

1. d4 d5 2. c4 c6 3. Nf3 Nf6 4. e3 Bf5 5. Nc3 e6 6. Nh4 Be4 7. f3 Bg6 8. Nxg6
hxg6 9. Qc2 Bd6 10. f4 g5 11. g3 gxf4 12. exf4 dxc4 13. Bxc4 Nbd7 14. Be3 Nb6
15. Be2 Nbd5 16. Bf2 Qc7 17. Bf3 g6 18. Qd3 Kf8 19. O-O-O Qa5 20. Kb1 Nb4 21.
Qe2 Nfd5 22. Bxd5 Nxd5 23. Ne4 Be7 24. Be1 Qb5 25. Qf3 a5 26. h4 Nf6 27. Nf2 a4
28. g4 Qd5 29. Qe2 Rd8 30. Bd2 Qb5 31. Qf3 a3 32. Bc1 Qd5 33. Qe2 axb2 34. Qxb2
Ra8 35. g5 Ne4 36. Nxe4 Qxe4+ 37. Ka1 Qd5 38. f5 exf5 39. Bf4 f6 40. Rhe1 fxg5
41. Rxe7 gxf4 42. Rxb7 Rxh4 43. Qd2 Rh1 44. Rxh1 Qxh1+ 45. Kb2 f3 46. Qb4+ Kg8
47. Qe7 Qg2+ 48. Kc3 1-0

[Event "34. Copenhagen Open (Politiken Cup)"]
[Site "Elsinore"]
[Date "2012.08.03"]
[Round "8"]
[White "Hyldkrog, Lars"]
[Black "Hedlerfog, Robert"]
[Result "1-0"]
[WhiteElo "2041"]
[BlackElo "1714"]
[PlyCount "42"]
[EventDate "2012.07.28"]
[EventType "swiss"]
[EventRounds "10"]
[EventCountry "DEN"]
[Source "ChessBase"]
[SourceDate "2012.08.24"]

1. e4 d5 2. exd5 Qxd5 3. Nc3 Qa5 4. d4 Bf5 5. Nf3 e6 6. Bc4 Nf6 7. Bd2 c6 8.
Qe2 Nbd7 9. O-O-O Qc7 10. Ne5 Bd6 11. g4 Bg6 12. f4 Bxe5 13. dxe5 Nd5 14. Bxd5
cxd5 15. f5 exf5 16. Nxd5 Qc6 17. Bb4 a5 18. Bd6 Rc8 19. Ne7 Qxc2+ 20. Qxc2
Rxc2+ 21. Kxc2 fxg4+ 1-0

[Event "34. Copenhagen Open (Politiken Cup)"]
[Site "Elsinore"]
[Date "2012.08.03"]
[Round "8"]
[White "Jacobsen, Fredrik Beer"]
[Black "Pedersen, Christopher RNH"]
[Result "1/2-1/2"]
[WhiteElo "1913"]
[BlackElo "2041"]
[PlyCount "55"]
[EventDate "2012.07.28"]
[EventType "swiss"]
[EventRounds "10"]
[EventCountry "DEN"]
[Source "ChessBase"]
[SourceDate "2012.08.24"]

1. e4 c5 2. Nc3 g6 3. g3 Bg7 4. Bg2 d6 5. d3 Nc6 6. Be3 Nf6 7. Qc1 h5 8. Nge2
h4 9. f4 hxg3 10. hxg3 Rxh1+ 11. Bxh1 Ng4 12. Bg1 Nd4 13. Nxd4 cxd4 14. Ne2 e5
15. Bf3 exf4 16. Nxf4 Ne5 17. Be2 Qg5 18. Bf2 Bh6 19. Qd2 Nc6 20. O-O-O Bd7 21.
Kb1 O-O-O 22. c3 dxc3 23. Qxc3 Qe5 24. Nd5 f5 25. Bxa7 Qxc3 26. Nb6+ Kc7 27.
Nd5+ Kc8 28. Nb6+ 1/2-1/2

[Event "34. Copenhagen Open (Politiken Cup)"]
[Site "Elsinore"]
[Date "2012.08.03"]
[Round "8"]
[White "Jacobsen, Per"]
[Black "Sjol, Henrik"]
[Result "1/2-1/2"]
[WhiteElo "1680"]
[BlackElo "1878"]
[PlyCount "69"]
[EventDate "2012.07.28"]
[EventType "swiss"]
[EventRounds "10"]
[EventCountry "DEN"]
[Source "ChessBase"]
[SourceDate "2012.08.24"]

1. b3 e5 2. Bb2 Nc6 3. e3 d6 4. Nf3 Be7 5. Be2 Nf6 6. O-O O-O 7. c4 Bf5 8. a3
Nd7 9. d4 Bf6 10. Qd2 Re8 11. Nc3 h6 12. Nd5 exd4 13. Nxf6+ Nxf6 14. Nxd4 Bh7
15. Bf3 Be4 16. Nxc6 bxc6 17. Bxe4 Nxe4 18. Qd4 Qg5 19. Rad1 c5 20. Qd5 Qxd5
21. Rxd5 Rab8 22. Rd3 Rb7 23. f3 Ng5 24. Rc1 Reb8 25. Rcc3 Ne6 26. h3 Nd8 27.
e4 Nc6 28. Re3 Na5 29. e5 Rxb3 30. Rxb3 Rxb3 31. Rxb3 Nxb3 32. Bc3 Nc1 33. Ba5
Nd3 34. exd6 cxd6 35. Bc7 1/2-1/2

[Event "34. Copenhagen Open (Politiken Cup)"]
[Site "Elsinore"]
[Date "2012.08.03"]
[Round "8"]
[White "Jensen, Hans Askov"]
[Black "Edwardsson, Hannu Kalervo"]
[Result "0-1"]
[WhiteElo "1592"]
[BlackElo "1464"]
[PlyCount "50"]
[EventDate "2012.07.28"]
[EventType "swiss"]
[EventRounds "10"]
[EventCountry "DEN"]
[Source "ChessBase"]
[SourceDate "2012.08.24"]

1. e4 e5 2. Nf3 d6 3. Bc4 Be6 4. Bxe6 fxe6 5. d4 exd4 6. Nxd4 Nf6 7. Nxe6 Qe7
8. Nf4 Qxe4+ 9. Be3 Nc6 10. O-O O-O-O 11. Nc3 Qe8 12. Re1 Qd7 13. a4 Kb8 14.
Nd3 a6 15. b4 Ne5 16. Nxe5 dxe5 17. Qb1 Ng4 18. b5 a5 19. Rd1 Qe7 20. Rxd8+
Qxd8 21. Bc1 Qd4 22. Bb2 Qxf2+ 23. Kh1 Qf4 24. Qg1 Bc5 25. Nd5 Nf2+ 0-1

[Event "34. Copenhagen Open (Politiken Cup)"]
[Site "Elsinore"]
[Date "2012.08.03"]
[Round "8"]
[White "Joensen, Tor Kristian"]
[Black "Garberg, Tore"]
[Result "1-0"]
[WhiteElo "1683"]
[BlackElo "1956"]
[PlyCount "145"]
[EventDate "2012.07.28"]
[EventType "swiss"]
[EventRounds "10"]
[EventCountry "DEN"]
[Source "ChessBase"]
[SourceDate "2012.08.24"]

1. e4 d5 2. exd5 Nf6 3. Nc3 Nxd5 4. Nxd5 Qxd5 5. d4 c5 6. Be3 cxd4 7. Qxd4 Qxd4
8. Bxd4 Nc6 9. Bc3 e5 10. Bc4 Bc5 11. f3 O-O 12. O-O-O Kh8 13. Ne2 f6 14. Ng3
Nd4 15. Ne4 Bb6 16. Nd6 g6 17. Rhe1 Nf5 18. Nxf5 Bxf5 19. g4 Bc8 20. Bb4 Rd8
21. Be7 Rxd1+ 22. Rxd1 Kg7 23. Rd6 f5 24. Bf6+ Kh6 25. gxf5 Be3+ 26. Kd1 Bxf5
27. Bxe5 Rc8 28. Bd3 Bc5 29. Bf4+ Kg7 30. Rd5 Be6 31. Rg5 b6 32. a3 Rd8 33. Ke2
a5 34. Be5+ Kf7 35. Rg3 Re8 36. f4 Bd7 37. Bc4+ Kf8 38. Kd2 Bc6 39. Rd3 Bg1 40.
h3 h5 41. Rd6 Be4 42. Rf6+ Ke7 43. Rf7+ Kd8 44. Bc7+ Kc8 45. Ba6+ Bb7 46. Bxb7+
Kxb7 47. Be5+ Ka6 48. Rg7 Re6 49. Kd3 Rc6 50. c3 Kb5 51. b3 Bf2 52. a4+ Ka6 53.
Rf7 Bh4 54. Rd7 g5 55. fxg5 Bxg5 56. Rd6 Rc8 57. Bd4 Bd8 58. Rh6 h4 59. Bf2 Bc7
60. Rxh4 Rf8 61. Bd4 Rf1 62. Rh6 Rb1 63. Kc4 Rh1 64. h4 Rh3 65. h5 Rh4 66. Kd5
Rh1 67. Rh8 Kb7 68. Rh7 Rd1 69. h6 Kc8 70. Kc6 Bd8 71. Ra7 Kb8 72. Rb7+ Ka8 73.
Rd7 1-0

[Event "34. Copenhagen Open (Politiken Cup)"]
[Site "Elsinore"]
[Date "2012.08.03"]
[Round "8"]
[White "Johansen, Kai Roger"]
[Black "Vanheirzeele, Daniel"]
[Result "0-1"]
[WhiteElo "2016"]
[BlackElo "2145"]
[PlyCount "92"]
[EventDate "2012.07.28"]
[EventType "swiss"]
[EventRounds "10"]
[EventCountry "DEN"]
[Source "ChessBase"]
[SourceDate "2012.08.24"]

1. c4 c5 2. Nc3 Nf6 3. g3 e6 4. Bg2 d5 5. cxd5 exd5 6. d4 cxd4 7. Qxd4 Nc6 8.
Qa4 d4 9. Nb1 Bb4+ 10. Nd2 O-O 11. a3 Bxd2+ 12. Bxd2 Re8 13. Rd1 Qb6 14. b4 a6
15. Bg5 Ne4 16. Bd2 Nd6 17. Bc3 dxc3 18. Rxd6 Bf5 19. Bxc6 c2 20. Kd2 Red8 21.
Rd3 Bxd3 22. exd3 Rac8 23. Ne2 Rxc6 24. Rf1 Rdc8 25. Nc1 Qd4 26. Qb3 Rc3 27.
Qb2 Qf6 28. f4 Qc6 29. Re1 Qg2+ 30. Re2 Qc6 31. Qa2 Qh1 32. Qb2 Qd1+ 33. Ke3
Re8+ 34. Kd4 Rxe2 35. Qxc3 Re8 36. Nb3 Rd8+ 37. Ke3 h5 38. h4 Re8+ 39. Kd4 g6
40. Qc7 Qg1+ 41. Kd5 Qg2+ 42. Kd4 Re1 43. f5 Qf2+ 44. Kd5 Qxf5+ 45. Kd4 Qf6+
46. Kd5 Qe6+ 0-1

[Event "34. Copenhagen Open (Politiken Cup)"]
[Site "Elsinore"]
[Date "2012.08.03"]
[Round "8"]
[White "Jorgensen, Dennis"]
[Black "Ulrich, Thomas2"]
[Result "1-0"]
[WhiteElo "2231"]
[BlackElo "1975"]
[PlyCount "51"]
[EventDate "2012.07.28"]
[EventType "swiss"]
[EventRounds "10"]
[EventCountry "DEN"]
[Source "ChessBase"]
[SourceDate "2012.08.24"]

1. d4 Nf6 2. Nf3 e6 3. g3 d5 4. Bg2 b5 5. O-O Be7 6. Ne5 O-O 7. Bf4 Bb7 8. Qd3
b4 9. a3 Ba6 10. Qe3 Nh5 11. axb4 g5 12. Qf3 Ng7 13. Bd2 f6 14. Nd3 Nf5 15. c3
Qe8 16. e4 Nd6 17. exd5 Qg6 18. dxe6 Bxd3 19. Qxa8 Ne4 20. Ra2 f5 21. f3 Nd7
22. Qc6 Ndf6 23. fxe4 fxe4 24. Qxc7 Bd8 25. Qc5 Ng4 26. e7 1-0

[Event "34. Copenhagen Open (Politiken Cup)"]
[Site "Elsinore"]
[Date "2012.08.03"]
[Round "8"]
[White "Karlsson, Ulf"]
[Black "Brondum, Eric"]
[Result "1/2-1/2"]
[WhiteElo "2012"]
[BlackElo "2141"]
[PlyCount "32"]
[EventDate "2012.07.28"]
[EventType "swiss"]
[EventRounds "10"]
[EventCountry "DEN"]
[Source "ChessBase"]
[SourceDate "2012.08.24"]

1. e4 g6 2. Nc3 Bg7 3. g3 c5 4. Bg2 Nc6 5. d3 d6 6. f4 e6 7. Nf3 Nge7 8. O-O
O-O 9. Be3 Nd4 10. Qd2 Rb8 11. Nd1 b5 12. c3 Nxf3+ 13. Bxf3 b4 14. d4 bxc3 15.
bxc3 Ba6 16. Re1 Qc7 1/2-1/2

[Event "34. Copenhagen Open (Politiken Cup)"]
[Site "Elsinore"]
[Date "2012.08.03"]
[Round "8"]
[White "Klings, Peter"]
[Black "Portisch, Lajos"]
[Result "1-0"]
[WhiteElo "2178"]
[BlackElo "2520"]
[PlyCount "73"]
[EventDate "2012.07.28"]
[EventType "swiss"]
[EventRounds "10"]
[EventCountry "DEN"]
[Source "ChessBase"]
[SourceDate "2012.08.24"]

1. e4 e5 2. Bc4 Nf6 3. d3 Nc6 4. Nf3 Bc5 5. c3 O-O 6. O-O d6 7. Bb3 a6 8. Nbd2
Ba7 9. h3 Ne7 10. Re1 Ng6 11. Nf1 h6 12. Ng3 Re8 13. d4 exd4 14. cxd4 Bd7 15.
Bc2 Nh7 16. Bd2 Nh4 17. Bc3 Nxf3+ 18. Qxf3 Qg5 19. e5 dxe5 20. dxe5 Bc6 21. Be4
Bxe4 22. Rxe4 Qg6 23. h4 Qc6 24. Rae1 Re6 25. Nf5 Bc5 26. Rg4 Qxf3 27. Rxg7+
Kf8 28. gxf3 Rg6+ 29. Rxg6 fxg6 30. Nxh6 Rd8 31. f4 Rd3 32. Kg2 Ke7 33. f5 gxf5
34. Nxf5+ Ke6 35. Ng7+ Ke7 36. f4 b5 37. a3 1-0

[Event "34. Copenhagen Open (Politiken Cup)"]
[Site "Elsinore"]
[Date "2012.08.03"]
[Round "8"]
[White "Kopperberg, Steen"]
[Black "Wadtland, Flemming"]
[Result "1-0"]
[WhiteElo "1795"]
[BlackElo "1612"]
[PlyCount "37"]
[EventDate "2012.07.28"]
[EventType "swiss"]
[EventRounds "10"]
[EventCountry "DEN"]
[Source "ChessBase"]
[SourceDate "2012.08.24"]

1. d4 Nf6 2. Nf3 g6 3. Bg5 d5 4. c3 Bg7 5. Nbd2 b6 6. Bxf6 exf6 7. Qc2 Ba6 8.
e3 Bb7 9. Bd3 O-O 10. O-O-O a5 11. h4 Na6 12. h5 Qe8 13. hxg6 h6 14. gxf7+ Qxf7
15. Bg6 Qe7 16. Nh4 Bh8 17. Nf5 Qd7 18. Rxh6 Rf7 19. Rdh1 1-0

[Event "34. Copenhagen Open (Politiken Cup)"]
[Site "Elsinore"]
[Date "2012.08.03"]
[Round "8"]
[White "Kristensen, Bjarke Hautop"]
[Black "Aabling Thomsen, Jakob"]
[Result "0-1"]
[WhiteElo "1824"]
[BlackElo "2331"]
[PlyCount "102"]
[EventDate "2012.07.28"]
[EventType "swiss"]
[EventRounds "10"]
[EventCountry "DEN"]
[Source "ChessBase"]
[SourceDate "2012.08.24"]

1. c4 Nf6 2. g3 g6 3. Bg2 d5 4. Nf3 c6 5. b3 Bg7 6. Bb2 Qb6 7. d3 Ne4 8. d4
dxc4 9. O-O cxb3 10. Qxb3 Be6 11. Qxb6 axb6 12. Ne5 Bd5 13. f3 Nd6 14. Nc3 Be6
15. f4 Nc4 16. Bc1 Nd7 17. e4 Ndxe5 18. dxe5 b5 19. Rb1 Nb6 20. a3 Na4 21. Nxa4
Rxa4 22. Rb4 Kd8 23. Be3 Rxa3 24. Bb6+ Kc8 25. Rc1 Kb8 26. Bc5 Ra2 27. Bxe7 Bf8
28. Bd6+ Bxd6 29. exd6 Ka7 30. e5 Kb6 31. Rcb1 Rha8 32. Be4 Rd2 33. R4b2 Ra2
34. Rxa2 Bxa2 35. Re1 Be6 36. Bf3 b4 37. g4 b3 38. h3 c5 39. Be4 c4 40. f5 Bd7
41. Bb1 c3 42. e6 fxe6 43. f6 c2 44. f7 Rd1 45. f8=Q Rxe1+ 46. Kh2 cxb1=Q 47.
Qd8+ Kc5 48. Qc7+ Bc6 49. Qa5+ Kxd6 50. Qd8+ Kc5 51. Qg5+ Kc4 0-1

[Event "34. Copenhagen Open (Politiken Cup)"]
[Site "Elsinore"]
[Date "2012.08.03"]
[Round "8"]
[White "Kristensen, Lars Ostergaard"]
[Black "Justinussen, Sigurd B"]
[Result "0-1"]
[WhiteElo "1695"]
[BlackElo "1952"]
[PlyCount "86"]
[EventDate "2012.07.28"]
[EventType "swiss"]
[EventRounds "10"]
[EventCountry "DEN"]
[Source "ChessBase"]
[SourceDate "2012.08.24"]

1. e4 c5 2. d4 cxd4 3. c3 e6 4. Nf3 Nf6 5. e5 Nd5 6. Nxd4 d6 7. exd6 Bxd6 8.
Nd2 a6 9. Ne4 Be7 10. Bd3 e5 11. Nf3 Nc6 12. Ng3 Be6 13. O-O Qc7 14. Ng5 Bxg5
15. Bxg5 f6 16. Bd2 O-O-O 17. Qe2 g6 18. Ne4 Bf5 19. Nc5 Bxd3 20. Nxd3 Qd6 21.
Rfd1 Rd7 22. Nb4 Rhd8 23. Nxd5 Qxd5 24. Be1 Qe6 25. b3 f5 26. b4 Rxd1 27. Rxd1
Rxd1 28. Qxd1 Qxa2 29. Kf1 e4 30. Qd2 Qc4+ 31. Qe2 Qb3 32. Qd2 Ne5 33. Ke2 Qc4+
34. Kd1 Qd3 35. h3 Nc4 36. Qxd3 exd3 37. Bd2 Kd7 38. g4 fxg4 39. hxg4 Ke6 40.
f4 h5 41. Bc1 hxg4 42. Ke1 Kf5 43. Kf2 d2 0-1

[Event "34. Copenhagen Open (Politiken Cup)"]
[Site "Elsinore"]
[Date "2012.08.03"]
[Round "8"]
[White "Kristiansen, Jens"]
[Black "Rewitz, Poul"]
[Result "1-0"]
[WhiteElo "2426"]
[BlackElo "2239"]
[PlyCount "73"]
[EventDate "2012.07.28"]
[EventType "swiss"]
[EventRounds "10"]
[EventCountry "DEN"]
[Source "ChessBase"]
[SourceDate "2012.08.24"]

1. d4 Nf6 2. Nf3 e6 3. Bg5 h6 4. Bxf6 Qxf6 5. e4 d6 6. Nc3 Nd7 7. Qd2 g5 8. Nb5
Qd8 9. Qc3 c6 10. d5 cxb5 11. Qxh8 e5 12. h4 g4 13. Nd2 Qa5 14. a3 Nb6 15. c3
Bd7 16. Be2 Na4 17. Rb1 O-O-O 18. Qf6 h5 19. Qxf7 Bh6 20. Qxh5 Rh8 21. Qg6 Nxb2
22. Rxb2 Qxc3 23. Ra2 Kc7 24. O-O Bxd2 25. g3 Be1 26. Bd1 Bxf2+ 27. Kxf2 Rf8+
28. Kg2 Rxf1 29. Rc2 Qxc2+ 30. Bxc2 Rc1 31. Bd3 a5 32. Qg7 b4 33. axb4 a4 34.
Bb5 a3 35. Qxd7+ Kb6 36. Bd3 Rc3 37. Qb5+ 1-0

[Event "34. Copenhagen Open (Politiken Cup)"]
[Site "Elsinore"]
[Date "2012.08.03"]
[Round "8"]
[White "Kyrkjebo, Marte Bakken"]
[Black "Randlov, Carsten"]
[Result "0-1"]
[WhiteElo "1632"]
[BlackElo "1860"]
[PlyCount "144"]
[EventDate "2012.07.28"]
[EventType "swiss"]
[EventRounds "10"]
[EventCountry "DEN"]
[Source "ChessBase"]
[SourceDate "2012.08.24"]

1. e4 c5 2. Nc3 Nc6 3. g3 d6 4. Bg2 e5 5. d3 Be7 6. f4 Nf6 7. Nf3 Bg4 8. h3
Bxf3 9. Qxf3 Nd4 10. Qf2 Qd7 11. O-O O-O-O 12. Nd5 Nxd5 13. exd5 f6 14. c3 Nb5
15. a4 Nc7 16. b4 Kb8 17. Be3 Na6 18. Rfb1 Rc8 19. b5 Nc7 20. b6 Na6 21. Qb2 g5
22. bxa7+ Kxa7 23. Qb6+ Ka8 24. fxe5 fxe5 25. Kh2 h5 26. Rb2 Rh7 27. Rf1 Bd8
28. Qb5 Nb8 29. Be4 Rg7 30. Ra1 h4 31. g4 Rc7 32. Bf5 Qf7 33. c4 Bf6 34. Rb3 e4
35. Rab1 exd3 36. Bxd3 Re7 37. Bf5 Rg8 38. Qb6 Rge8 39. Bg1 Re2+ 40. Kh1 Be5
41. Qxb7+ Qxb7 42. Rxb7 Na6 43. Bd3 Rd2 44. R7b3 Nb4 45. Bf5 Bf4 46. R3b2 Ree2
47. Rxd2 Rxd2 48. Rb3 Kb7 49. Ra3 Kb6 50. a5+ Ka6 51. Bd7 Nd3 52. Bb5+ Ka7 53.
Ra1 Ne5 54. Re1 Ra2 55. a6 Kb6 56. Rf1 Ra3 57. Kg2 Rg3+ 58. Kf2 Be3+ 59. Ke2
Bxg1 60. Ra1 Ka7 61. Rf1 Re3+ 62. Kd2 Nf3+ 63. Kc2 Bh2 64. Rf2 Bf4 65. Kb2 Nd4
66. Ka2 Rxh3 67. Rf1 Rg3 68. Re1 Rg2+ 69. Kb1 Re2 70. Rf1 h3 71. Rh1 h2 72. Rf1
Rg2 0-1

[Event "34. Copenhagen Open (Politiken Cup)"]
[Site "Elsinore"]
[Date "2012.08.03"]
[Round "8"]
[White "Larsen, Peter"]
[Black "Carnstam, Tomas"]
[Result "1-0"]
[WhiteElo "2206"]
[BlackElo "2060"]
[PlyCount "71"]
[EventDate "2012.07.28"]
[EventType "swiss"]
[EventRounds "10"]
[EventCountry "DEN"]
[Source "ChessBase"]
[SourceDate "2012.08.24"]

1. Nf3 c5 2. e4 Nc6 3. d4 cxd4 4. Nxd4 e5 5. Nb5 a6 6. Nd6+ Bxd6 7. Qxd6 Qf6 8.
Qd1 Qg6 9. Nc3 d5 10. Nxd5 Qxe4+ 11. Be3 Nd4 12. Nc7+ Ke7 13. Rc1 Bg4 14. Qd3
Qxd3 15. Bxd3 Rd8 16. h3 Bh5 17. f4 Kd6 18. Nxa6 bxa6 19. g4 Nf6 20. fxe5+ Kxe5
21. gxh5 Nxh5 22. O-O Nf6 23. Rce1 Kd5 24. Rd1 Ne6 25. Bb6 Rb8 26. Bb5+ Ke5 27.
Rfe1+ Ne4 28. Bd3 f5 29. Ba5 Kf4 30. Rf1+ Kg5 31. Bxe4 fxe4 32. Rd5+ Kh4 33.
Kg2 g5 34. Rf6 Nf4+ 35. Rxf4+ gxf4 36. Be1# 1-0

[Event "34. Copenhagen Open (Politiken Cup)"]
[Site "Elsinore"]
[Date "2012.08.03"]
[Round "8"]
[White "Leutwyler, Martin"]
[Black "Franzen, Per Erik"]
[Result "1-0"]
[WhiteElo "2190"]
[BlackElo "2043"]
[PlyCount "39"]
[EventDate "2012.07.28"]
[EventType "swiss"]
[EventRounds "10"]
[EventCountry "DEN"]
[Source "ChessBase"]
[SourceDate "2012.08.24"]

1. d4 Nf6 2. Nf3 e6 3. c4 c5 4. d5 exd5 5. cxd5 Bd6 6. Nc3 O-O 7. Bg5 Bc7 8. e3
Ba5 9. d6 h6 10. Bh4 g5 11. Bg3 Ne4 12. Qc2 Nxg3 13. hxg3 Qf6 14. O-O-O Bxc3
15. bxc3 Kg7 16. Rd5 Rh8 17. Bc4 Qd8 18. Ne5 b5 19. Nxf7 Qf6 20. Nxh8 1-0

[Event "34. Copenhagen Open (Politiken Cup)"]
[Site "Elsinore"]
[Date "2012.08.03"]
[Round "8"]
[White "Lilja, Richard"]
[Black "Spiess, Thomas"]
[Result "1-0"]
[WhiteElo "2136"]
[BlackElo "2007"]
[PlyCount "63"]
[EventDate "2012.07.28"]
[EventType "swiss"]
[EventRounds "10"]
[EventCountry "DEN"]
[Source "ChessBase"]
[SourceDate "2012.08.24"]

1. e4 c5 2. Nf3 e6 3. Qe2 Nc6 4. g3 g6 5. Bg2 Bg7 6. h4 h5 7. O-O Nge7 8. c3 d5
9. d3 b6 10. Re1 Bb7 11. Bg5 Qd7 12. Nbd2 d4 13. e5 dxc3 14. bxc3 Rd8 15. Ne4
Ba6 16. Nf6+ Bxf6 17. Bxf6 Rg8 18. Rad1 Bxd3 19. Qd2 c4 20. Ng5 Qc7 21. Nh7 g5
22. Bxe7 Bxh7 23. Bxd8 Nxd8 24. hxg5 Ke7 25. Bf3 Nc6 26. Qf4 Bf5 27. Qxc4 Rc8
28. Bxh5 Na5 29. Qh4 Bg6 30. Bxg6 fxg6 31. Qh7+ Kf8 32. Rd7 1-0